000 01025nam a22003257a 4500
001 0007224
003 KOHA_MİRAKIL
005 20260207001549.0
007 ta
008 121224b1998 tu a|||gr||||#||||0|tur |
020 _a9754030804
_q 9754030839
_c0,01
040 _aTR-BiSEU
_btur
_cTR-BiSEU
_erda
041 0 _atur
044 _ctu
050 _aQ335
_b.P46 1998
100 1 _aPenrose, Roger.
245 1 _aBilgisayar ve zeka :
_bKralın yeni usu I/
_cRoger Penrose ; Roger Penrose; çeviren Tekin Dereli.
264 1 _aAnkara :
_bTÜBİTAK
_c1998
300 _a178 sayfa: resimli; 17 cm.
336 _ametin
_btxt
_2rdacontent
337 _aaracısız
_bn
_2rdamedia
338 _acilt
_bnc
_2rdacarrier
490 1 _aTÜBİTAK popüler bilim kitapları ;
_v52.
650 0 _aFizik--Felsefe.
_917885
650 0 _aBilim--Felsefe.
_99412
650 0 _aPhysics--Philosophy.
_915255
650 0 _aScience--Philosophy.
_915256
830 1 _aTÜBİTAK popüler bilim kitapları ;
_v52.
_94967
942 _2lcc
_cBK
999 _c7204
_d7204